000 00621ntaaa2200193 4500
003 01
005 20251027202012.0
008 0714s1973 ag 01
040 _aAR-BaBN
_bspa
_cAR-BaBN
_eaacr
_dRIC
082 _a261.1000 P13h
100 _aPadilla, Washington
_95230
245 _aHacia una transformación integral
250 _a1 ed.
260 _aBuenos Aires :
_bFraternidad Teológica Latinoamericana,
_c1989
300 _a98 p. ;
_c21 cm.
500 _atiene como base una consuta sobre el tema en Huampaní, Perú del 1-16 de diciembre de 1987 convocada por la FTL
650 _aIglesia-Sociedad
942 _cBK
999 _c14775
_d14775